000 01059cam a2200301 a 4500
001 2105924
003 NUST - PNEC
005 20170116180846.0
008 960322s1997 nyua 001 0 eng
010 _a 96015429
020 _a0827372574
040 _aDLC
_cLIBRARY
_dDLC
050 0 0 _aQC311
_b.K27 1997
082 0 0 _a536.7 KAM
100 1 _aKamm, James.
245 1 0 _aHeat and power thermodynamics /
_cJames Kamm.
246 1 4 _aHeat & power thermodynamics
260 _aAlbany :
_bDelmar Publishers,
_cc1997.
300 _axv, 539 p. :
_bill. ;
_c25 cm.
500 _aIncludes index.
538 _aSystem requirements for accompanying computer disk: Microsoft Excel Windows.
650 0 _aThermodynamics
_xMathematics.
_xME
650 0 _aThermodynamics
_xIndustrial applications.
650 0 _aHeat engineering
_xMathematics.
906 _a7
_bcbc
_corignew
_d1
_eocip
_f19
_gy-gencatlg
942 _2ddc
_cBK
999 _c64469
_d64469